Paroles une étincelle-L5 - Statistiques

Statistiques générales
  • Ce quiz a été pris 20 fois
  • Le résultat moyen est 138 sur 187
Statistiques - réponses
Réponse % Correct
Et
100%
et
100%
étincelle
100%
à
94%
a
94%
elle
94%
le
94%
un
94%
Aller
88%
de
88%
De
88%
je
88%
Je
88%
la
88%
88%
Une
88%
vers
88%
ce
82%
j'ai
82%
me
82%
Que
82%
ses
82%
ailes
76%
Dans
76%
dans
76%
du
76%
en
76%
moi
76%
nuit
76%
Ouvrir
76%
Parfois
76%
peur
76%
Plus
76%
plus
76%
si
76%
tout
76%
y
76%
au
71%
Au
71%
Avoir
71%
croire
71%
encore
71%
envie
71%
fond
71%
l'infini
71%
ne
71%
Ne
71%
te
71%
toujours
71%
Tu
71%
voir
71%
chaque
65%
cherche
65%
ciel
65%
comme
65%
Comme
65%
il
65%
Il
65%
mes
65%
perdu
65%
regard
65%
reste
65%
s'éclaire
65%
appel
59%
colère
59%
loin
59%
milieu
59%
m'indiffère
59%
rien
59%
sais
59%
contre
53%
courage
53%
désert
53%
m'y
53%
pas
53%
dire
47%
histoire
47%
jour
47%
l'amour
47%
perds
47%
perdue
47%
Qu'il
47%
qu'on
47%
sens
47%
solitaire
47%
réfléchir
41%
regarde
41%
sans
41%
instant
35%
Juste
35%
manque
35%
sera
35%
J'imagine
29%
m'efface
12%
Aucun quiz correspondant
Distribution des résultats
% des personnes avec chaque résultat
Percentile par nombre de réponses
Votre historique - résultats
Vous n’avez pas pris ce quiz